Statistics for Men's world Table Tennis Champions

Click here to take the quiz!

General Stats

  • This quiz has been taken 164 times
    (43 since last reset)
  • The average score is 11 of 56

Answer Stats

YearChampion% Correct
2015Ma Long
91%
2019Ma Long
83%
2017Ma Long
83%
1989Jan-Ove Waldner
74%
1997Jan-Ove Waldner
74%
2021Fan Zhendong
60%
2009Wang Hao
54%
2013Zhang Jike
54%
2011Zhang Jike
54%
2001Wang Liqin
49%
2005Wang Liqin
49%
2007Wang Liqin
49%
2003Werner Schlager
40%
1993Jean-Philippe Gatien
29%
1991Jorgen Persson
26%
1995Kong Linghui
26%
1999Liu Guoliang
23%
1933 (II)Victor Barna
14%
1935Victor Barna
14%
1933 (I)Victor Barna
14%
1932Victor Barna
14%
1930Victor Barna
14%
1985Jiang Jialiang
11%
1987Jiang Jialiang
11%
1973Xi Enting
11%
1981Guo Yuehua
6%
1983Guo Yuehua
6%
1931Miklos Szabados
6%
1937Richar Bergmann
6%
1950Richard Bergmann
6%
1948Richard Bergmann
6%
1939Richard Bergmann
6%
1947Bohumil Vana
3%
1938Bohumil Vana
3%
1953Ferenc Sido
3%
1929Fred Perry
3%
1952Hiroji Satoh
3%
1956Ichiro Ogimura
3%
1954Ichiro Ogimura
3%
1967Nobuhiko Hasegawa
3%
1926Roland Jacobi
3%
1959Rong Guotuan
3%
1969Shigeo Itoh
3%
1936Stanislav Kolar
3%
1965Zhuang Zedong
3%
1963Zhuang Zedong
3%
1961Zhuang Zedong
3%
1975Istvan Jonyer
0%
1951Johnny Leach
0%
1949Johnny Leach
0%
1977Mitsuru Kohno
0%
1979Seiji Ono
0%
1971Stellan Bengtsson
0%
1957Toshiaki Tanaka
0%
1955Toshiaki Tanaka
0%
1928Zoltan Mechlovits
0%

Score Distribution

Percentile by Number Answered

Percent of People with Each Score

Your Score History

You have not taken this quiz since the last reset